Television production handbook / (Record no. 3602)

000 -LEADER
fixed length control field 01227cam a2200313 a 4500
001 - CONTROL NUMBER
control field 13960647
003 - CONTROL NUMBER IDENTIFIER
control field Nust
005 - DATE AND TIME OF LATEST TRANSACTION
control field 20180117090009.0
008 - FIXED-LENGTH DATA ELEMENTS--GENERAL INFORMATION
fixed length control field 050510s2006 caua bf 001 0 eng d
010 ## - LIBRARY OF CONGRESS CONTROL NUMBER
LC control number 2005927283
020 ## - INTERNATIONAL STANDARD BOOK NUMBER
International Standard Book Number 0534647278 (student ed.)
035 ## - SYSTEM CONTROL NUMBER
System control number (OCoLC)ocm61206919
040 ## - CATALOGING SOURCE
Original cataloging agency CUM
Transcribing agency CUM
Modifying agency BAKER
-- DLC
042 ## - AUTHENTICATION CODE
Authentication code lccopycat
050 00 - LIBRARY OF CONGRESS CALL NUMBER
Classification number PN1992.75
Item number .Z4 2006
082 00 - DEWEY DECIMAL CLASSIFICATION NUMBER
Classification number 791.4502/32
Edition number 22
100 1# - MAIN ENTRY--PERSONAL NAME
Personal name Zettl, Herbert.
9 (RLIN) 45
245 10 - TITLE STATEMENT
Title Television production handbook /
Statement of responsibility, etc. Herbert Zettl.
250 ## - EDITION STATEMENT
Edition statement 9th ed.
260 ## - PUBLICATION, DISTRIBUTION, ETC.
Place of publication, distribution, etc. Belmont, Calif. :
Name of publisher, distributor, etc. Thomas Wadsworth,
Date of publication, distribution, etc. c2006.
300 ## - PHYSICAL DESCRIPTION
Extent xxviii, 548 p. :
Other physical details col. ill. ;
Dimensions 26 cm.
504 ## - BIBLIOGRAPHY, ETC. NOTE
Bibliography, etc. note Includes bibliographical references (p. 532-533) and index.
650 #0 - SUBJECT ADDED ENTRY--TOPICAL TERM
Topical term or geographic name entry element Television
General subdivision Production and direction
Form subdivision Handbooks, manuals, etc.
9 (RLIN) 46
906 ## - LOCAL DATA ELEMENT F, LDF (RLIN)
a 7
b cbc
c copycat
d 2
e epcn
f 20
g y-gencatlg
942 ## - ADDED ENTRY ELEMENTS (KOHA)
Source of classification or shelving scheme
Koha item type Book
Holdings
Withdrawn status Lost status Source of classification or shelving scheme Damaged status Not for loan Collection code Permanent Location Current Location Shelving location Date acquired Total Checkouts Full call number Barcode Date last seen Price effective from Koha item type
            Central Library (CL) Central Library (CL) General Stacks 11/19/2016   791.4502/32 ZET S3H-N-1622 11/19/2016 11/19/2016 Book
© 2023 Central Library, National University of Sciences and Technology. All Rights Reserved.